[Event "AUTO-ADV-2028"]
[Site "http://www.queenalice.com/game.php?id=926271"]
[Date "2011.4.15"]
[Round "2"]
[White "celsolrc"]
[Black "jpzenitram"]
[Result "1-0"]
[WhiteElo "2037"]
[BlackElo "1907"]

1. c4 d6 2. g3 Nf6 3. Bg2 g6 4. Nc3 Bg7 5. Rb1 Nc6 6. b4 a6 7. a4 Bd7 8. b5 axb5
9. axb5 Nd4 10. Bxb7 Rb8 11. Bg2 O-O 12. h3 c6 13. e3 Ne6 14. bxc6 Rxb1 15. Nxb1
Be8 16. d4 d5 17. cxd5 Nxd5 18. e4 Ndc7 19. d5 Nc5 20. Qc2 Qd6 21. Nf3 e6 22.
Bf4 e5 23. Bxe5 Bxe5 24. Nxe5 N5a6 25. Nc4 Qc5 26. O-O Nb4 27. Qe2 Nxc6 28. dxc6
Bxc6 29. Nbd2 Bb5 30. Rc1 Qb4 31. Qe3 Ne6 32. f4 Rd8 33. Rb1 Qxb1+ 34. Nxb1 Rd1+
35. Kh2 Rxb1 36. Nd6 Bf1 37. Bxf1 Rxf1 38. Kg2 Rd1 39. e5 Kf8 40. f5 1-0

[Event "AUTO-ADV-2187"]
[Site "http://www.queenalice.com/game.php?id=948315"]
[Date "2011.6.10"]
[Round "1"]
[White "jpzenitram"]
[Black "Spessatto"]
[Result "0-1"]
[WhiteElo "1914"]
[BlackElo "1818"]

1. e4 e5 2. Nf3 Nc6 3. Nc3 a6 4. b3 Bc5 5. Bb2 d6 6. g3 Nf6 7. h3 Nd4 8. Bg2 Be6
9. Nxd4 Bxd4 10. Rb1 O-O 11. d3 h6 12. O-O Qd7 13. Ne2 Bb6 14. Kh2 Nh7 15. Ng1
f5 16. d4 f4 17. dxe5 fxg3+ 18. fxg3 Rxf1 19. Qxf1 dxe5 20. Bxe5 Qd2 21. Qd3 Qg5
22. Bf4 Qe7 23. e5 Rd8 24. Qe4 Bd5 25. Qe2 Ng5 26. Bxg5 Qxg5 27. Bxd5+ Rxd5 28.
e6 Rd2 29. Re1 Bxg1+ 30. Kxg1 Qxg3+ 31. Kh1 Rxe2 32. Rxe2 Qxh3+ 33. Kg1 Qg4+ 34.
Kf1 Kf8 35. e7+ Ke8 36. Ke1 h5 37. a4 h4 0-1

[Event "AUTO-ADV-2187"]
[Site "http://www.queenalice.com/game.php?id=948316"]
[Date "2011.6.10"]
[Round "1"]
[White "Spessatto"]
[Black "jpzenitram"]
[Result "1-0"]
[WhiteElo "1856"]
[BlackElo "1894"]

1. d4 d5 2. h3 Nf6 3. Nf3 g6 4. Bf4 Bg7 5. e3 b6 6. c3 Bb7 7. Bb5+ Nc6 8. Ne5
O-O 9. Bxc6 Bxc6 10. Nxc6 Qd7 11. Nb4 c5 12. Nd3 Rac8 13. O-O Rfe8 14. Ne5 Qb5
15. b3 Nd7 16. c4 dxc4 17. a4 Qxb3 18. Nxd7 Qd3 19. Ne5 Bxe5 20. Bxe5 cxd4 21.
Qxd3 cxd3 22. Bxd4 Rc2 23. Nc3 Rc8 24. Rac1 f6 25. Rxc2 dxc2 26. Ne2 e5 27. Bb2
a6 28. Rc1 b5 29. axb5 axb5 30. Bc3 Rxc3 31. Nxc3 b4 32. Rxc2 bxc3 33. Rxc3 Kf7
34. f4 e4 35. g4 f5 36. g5 Kg7 37. Rc7+ Kg8 38. h4 Kh8 39. Kf1 Kg8 40. Ke2 Kh8
41. Kd2 h5 42. Kc3 Kg8 43. Kd4 1-0

[Event "AUTO-ADV-2187"]
[Site "http://www.queenalice.com/game.php?id=948317"]
[Date "2011.6.10"]
[Round "1"]
[White "jpzenitram"]
[Black "vult0"]
[Result "1-0"]
[WhiteElo "1876"]
[BlackElo "1773"]

1. e4 e5 2. Nf3 Nc6 3. Nc3 Nf6 4. d3 Be7 5. g3 d5 6. Bg2 d4 7. Ne2 O-O 8. b3
Bb4+ 9. Bd2 b6 10. Bxb4 Nxb4 11. Nxe5 Qe7 12. Nf3 Rb8 13. Nfxd4 c5 14. Nf3 Bg4
15. c3 Nc6 16. O-O b5 17. a3 a5 18. Re1 Ne5 19. Nf4 Rbd8 20. Re3 g6 21. d4 cxd4
22. cxd4 Nxf3+ 23. Bxf3 Bxf3 24. Qxf3 Nd7 25. Nd5 Qg5 26. Rae1 Rc8 27. Qe2 Rb8
28. Rf3 Kg7 29. h4 Qd8 30. Rd3 Re8 31. Qg4 Nf6 32. Nxf6 Qxf6 33. e5 Qe7 34. Ra1
Qb7 35. h5 Rh8 36. Qg5 Kf8 37. h6 Ke8 38. Re1 Qe7 39. Qd2 Qxa3 40. d5 Qc5 41. e6
fxe6 42. Rxe6+ Kd7 43. Qg5 Kc8 44. Rc6+ 1-0

[Event "AUTO-ADV-2187"]
[Site "http://www.queenalice.com/game.php?id=948318"]
[Date "2011.6.10"]
[Round "1"]
[White "vult0"]
[Black "jpzenitram"]
[Result "0-1"]
[WhiteElo "1802"]
[BlackElo "1902"]

1. e4 d6 2. d4 Nf6 3. Bd3 g6 4. Ne2 Bg7 5. Bg5 c5 6. d5 Nbd7 7. O-O Ne5 8. Nbc3
Bd7 9. Ng3 Qb6 10. b3 Bg4 11. Be2 Bd7 12. a4 a5 13. Nb5 O-O 14. Rc1 Rfc8 15. c4
Re8 16. Kh1 Bxb5 17. axb5 Ra7 18. f4 Ned7 19. Bd3 e6 20. Qf3 e5 21. f5 Rea8 22.
fxg6 fxg6 23. Be2 a4 24. bxa4 Rxa4 25. h3 Rf8 26. Qd3 Rfa8 27. Qf3 Ra3 28. Bd3
Rf8 29. Qd1 Ne8 30. Rxf8+ Bxf8 31. Qd2 Qa5 32. Qe3 Nb6 33. Qd2 Qxd2 0-1

[Event "AUTO-ADV-2187"]
[Site "http://www.queenalice.com/game.php?id=948319"]
[Date "2011.6.10"]
[Round "1"]
[White "jpzenitram"]
[Black "fjalves"]
[Result "1-0"]
[WhiteElo "1888"]
[BlackElo "1528"]

1. e4 e5 2. Nf3 Nc6 3. Nc3 Bc5 4. d3 d6 5. Be2 h6 6. b3 Nd4 7. Bb2 Nxe2 8. Nxe2
Nf6 9. h3 a6 10. O-O Nh5 11. Nc3 Ng3 12. Re1 c6 13. Ne2 Nh5 14. d4 exd4 15.
Nfxd4 Bb4 16. Nc3 Bxh3 17. Qxh5 Bd7 18. e5 d5 19. e6 O-O 20. exd7 Qxd7 21. Re3
Bc5 22. Nce2 Rae8 23. Rg3 Bxd4 24. Nxd4 Re7 25. Qxh6 g6 26. Nf5 f6 27. Nxe7+
Qxe7 28. Qxg6+ Kh8 29. Rh3+ Qh7 30. Rxh7# 1-0

[Event "AUTO-ADV-2187"]
[Site "http://www.queenalice.com/game.php?id=948320"]
[Date "2011.6.10"]
[Round "1"]
[White "fjalves"]
[Black "jpzenitram"]
[Result "0-1"]
[WhiteElo "1512"]
[BlackElo "1890"]

1. e4 d6 2. Nc3 Nf6 3. Bc4 g6 4. Nd5 Bg7 5. d3 Nc6 6. Nf3 b6 7. Bb5 Bd7 8. Ng5
e6 9. Nxf6+ Bxf6 10. h4 Nd4 11. Ba6 O-O 12. h5 Bxg5 13. Bxg5 Qxg5 14. hxg6 fxg6
15. c3 Qxg2 16. Rf1 Nf3+ 17. Ke2 Ng1+ 18. Kd2 Rxf2+ 19. Rxf2 Qxf2+ 20. Kc1 Rf8
21. Kb1 e5 22. Bc4+ Kg7 23. a3 Nf3 24. Ka2 Nd2 25. Qh1 Nxc4 26. dxc4 Qc5 27. b3
Qf2+ 28. Kb1 Qe2 29. Kc1 Rf1+ 30. Qxf1 Qxf1+ 31. Kb2 Qe2+ 32. Kb1 Qxe4+ 33. Ka2
Qc2# 0-1

[Event "AUTO-ADV-2219"]
[Site "http://www.queenalice.com/game.php?id=960424"]
[Date "2011.7.14"]
[Round "1"]
[White "favazza2007"]
[Black "jpzenitram"]
[Result "1/2-1/2"]
[WhiteElo "1980"]
[BlackElo "1916"]

1. Nf3 d6 2. Nc3 Nf6 3. e4 g6 4. Bc4 Bg7 5. d3 c5 6. Bd2 Nc6 7. a3 e6 8. Bg5 O-O
9. O-O a6 10. Ne2 b5 11. Ba2 Bb7 12. c3 Qd7 13. Bxf6 Bxf6 14. Ng3 Ne5 15. Nxe5
Bxe5 16. f4 Bf6 17. Qg4 d5 18. e5 Bg7 19. d4 c4 20. Bb1 Bc8 21. Bc2 Qc7 22. h4
h5 23. Nxh5 gxh5 24. Qxh5 f5 25. g4 Qf7 26. Qxf7+ Rxf7 27. g5 Bf8 28. h5 Rh7 29.
h6 Raa7 30. Kf2 Bxh6 31. gxh6 Rxh6 32. Rg1+ Rg7 33. Rxg7+ Kxg7 34. Rg1+ Kf7 35.
Bd1 Rh2+ 36. Rg2 Rxg2+ 37. Kxg2 Kg6 38. Kh3 Kh6 39. Kh4 a5 40. Bh5 Bd7 41. Bd1
a4 42. Bh5 Bc6 43. Bf7 Bd7 44. Bh5 1/2-1/2

[Event "AUTO-ADV-2219"]
[Site "http://www.queenalice.com/game.php?id=960425"]
[Date "2011.7.14"]
[Round "1"]
[White "jpzenitram"]
[Black "favazza2007"]
[Result "0-1"]
[WhiteElo "1919"]
[BlackElo "1977"]

1. e4 e5 2. Nf3 Nf6 3. Nc3 Nc6 4. d3 Bc5 5. Bg5 Bb4 6. g3 h6 7. Bd2 d6 8. Bg2
Bg4 9. a3 Ba5 10. O-O O-O 11. Qc1 Bxf3 12. Bxf3 Nd4 13. Bd1 Nh7 14. b4 Bb6 15.
Nd5 c6 16. Nxb6 axb6 17. c3 Ne6 18. Bb3 Nhg5 19. Bxe6 Nxe6 20. Be3 c5 21. b5 d5
22. c4 d4 23. Bxh6 gxh6 24. Qxh6 Qg5 25. Qh3 Nf4 26. Qh4 Qxh4 27. gxh4 Nxd3 28.
Kg2 f5 29. f3 fxe4 30. fxe4 Rxf1 31. Kxf1 Nf4 32. Kf2 Kf7 33. Kf3 Ra4 34. Kg4
Rxc4 35. Kf5 Rc2 36. Kxe5 Ng6+ 37. Kd6 Rxh2 38. Rf1+ Kg7 39. e5 Rxh4 40. e6 Re4
41. Rf7+ Kg8 42. Rxb7 d3 43. e7 Nxe7 44. Rxe7 Rxe7 45. Kxe7 d2 0-1

[Event "AUTO-ADV-2219"]
[Site "http://www.queenalice.com/game.php?id=960436"]
[Date "2011.7.14"]
[Round "1"]
[White "Pabl"]
[Black "jpzenitram"]
[Result "0-1"]
[WhiteElo "1780"]
[BlackElo "1905"]

1. e4 d6 2. Nf3 Nf6 3. Nc3 g6 4. Bc4 Bg7 5. d3 c5 6. O-O Nc6 7. Ng5 e6 8. a3 b6
9. b4 O-O 10. bxc5 bxc5 11. Bb2 d5 12. exd5 exd5 13. Ba2 Bb7 14. Qf3 Nd4 15. Qd1
Re8 16. Re1 Rxe1+ 17. Qxe1 Nxc2 18. Qe5 Nxa1 19. Bxa1 Rc8 20. Na4 Ne8 21. Qe1
Qxg5 22. Bxg7 Nxg7 23. Qb1 Qd2 24. h3 Ba8 25. Nb2 Qc3 0-1

[Event "AUTO-ADV-2219"]
[Site "http://www.queenalice.com/game.php?id=960437"]
[Date "2011.7.14"]
[Round "1"]
[White "jpzenitram"]
[Black "Pabl"]
[Result "1-0"]
[WhiteElo "1893"]
[BlackElo "1792"]

1. e4 e5 2. Nf3 Nc6 3. d3 Nf6 4. Nc3 Bc5 5. h3 O-O 6. b3 Nd4 7. Bb2 Nxf3+ 8.
Qxf3 d6 9. O-O-O c6 10. g4 Qa5 11. g5 Ne8 12. h4 Bd4 13. Na4 Bxb2+ 14. Kxb2 f6
15. Qe3 b5 16. Nc3 fxg5 17. hxg5 b4 18. Nb1 Nc7 19. Bh3 Bxh3 20. Rxh3 Nb5 21.
Rdh1 Na3 22. Rxh7 Nxb1 23. g6 1-0

[Event "AUTO-ADV-2375"]
[Site "http://www.queenalice.com/game.php?id=1019603"]
[Date "2012.1.29"]
[Round "1"]
[White "SVatrachki"]
[Black "jpzenitram"]
[Result "0-1"]
[WhiteElo "1751"]
[BlackElo "1850"]

1. e4 d6 2. d4 Nf6 3. Nc3 g6 4. f3 Bg7 5. Bc4 e6 6. Bg5 h6 7. d5 hxg5 8. Nh3 Nh5
9. dxe6 Bxe6 10. Bb5+ c6 11. Bd3 Be5 12. Rb1 Nf4 13. Nxf4 gxf4 14. Ne2 Qh4+ 15.
g3 fxg3 16. Kd2 Qg5+ 17. Ke1 Rxh2 18. Rg1 g2 19. Qd2 Qh4+ 20. Kd1 Rh1 21. Qe1
Qxe1+ 22. Rxe1 Bg3 23. Kd2 Rxe1 24. Rxe1 Bxe1+ 25. Kxe1 Nd7 26. Kf2 Ne5 27. Nf4
Bxa2 28. Kxg2 Bc4 29. b3 Bxd3 30. cxd3 a5 31. d4 Nd7 32. Nd3 b5 0-1

[Event "AUTO-ADV-2375"]
[Site "http://www.queenalice.com/game.php?id=1019604"]
[Date "2012.1.29"]
[Round "1"]
[White "jpzenitram"]
[Black "SVatrachki"]
[Result "1-0"]
[WhiteElo "1862"]
[BlackElo "1733"]

1. e4 e5 2. Nf3 d6 3. Nc3 Bg4 4. d3 Nc6 5. Be2 h6 6. h3 Bxf3 7. Bxf3 Nd4 8. b3
a6 9. Be3 Be7 10. O-O Nxf3+ 11. Qxf3 Nf6 12. Qg3 Nh5 13. Qf3 g6 14. Nd5 Nf6 15.
Nxf6+ Bxf6 16. c3 g5 17. Rfd1 Bg7 18. a3 Qf6 19. Qxf6 Bxf6 20. a4 O-O-O 21. b4
b6 22. c4 c6 23. Bxb6 Rd7 24. a5 Bd8 25. c5 Rb7 26. d4 dxc5 27. dxc5 Rd7 28.
Rxd7 Kxd7 29. Rd1+ Kc8 30. Rd6 Bxb6 31. axb6 1-0

[Event "AUTO-ADV-2375"]
[Site "http://www.queenalice.com/game.php?id=1019619"]
[Date "2012.1.29"]
[Round "1"]
[White "Mick_Gray"]
[Black "jpzenitram"]
[Result "1-0"]
[WhiteElo "1753"]
[BlackElo "1866"]

1. f4 d6 2. e4 Nf6 3. Nc3 g6 4. Nf3 Bg7 5. Be2 c5 6. e5 dxe5 7. Nxe5 Nd5 8. O-O
Qd6 9. Nb5 Qb6 10. c4 Bxe5 11. fxe5 Nb4 12. a3 N4c6 13. b3 Bf5 14. Bg4 Bd3 15.
e6 Bxf1 16. exf7+ Kd8 17. Qxf1 Rf8 18. Bb2 e5 19. Re1 Nd7 20. Bxd7 Kxd7 21. Bxe5
a6 22. Qd3+ Ke7 23. Bc7+ 1-0

[Event "AUTO-ADV-2375"]
[Site "http://www.queenalice.com/game.php?id=1019620"]
[Date "2012.1.29"]
[Round "1"]
[White "jpzenitram"]
[Black "Mick_Gray"]
[Result "1-0"]
[WhiteElo "1845"]
[BlackElo "1781"]

1. e4 e5 2. Nf3 Nf6 3. Nc3 Bb4 4. d3 Bxc3+ 5. bxc3 O-O 6. Bb2 b5 7. Be2 c5 8.
O-O Nc6 9. a3 d5 10. exd5 Qxd5 11. Nh4 Bb7 12. Bf3 Qd8 13. Nf5 c4 14. d4 e4 15.
Bg4 Ne7 16. Ne3 Nxg4 17. Qxg4 f5 18. Qf4 a5 19. Qe5 f4 20. Ng4 f3 21. g3 Bc6 22.
Bc1 Ng6 23. Qe6+ Kh8 24. Qxc6 Rb8 25. Qxe4 Qd7 26. h3 Rb6 27. Re1 h5 28. Ne5
Nxe5 29. Kh2 Re6 30. dxe5 h4 31. Qxh4+ Kg8 32. Qg4 g6 33. Bf4 Qc6 34. Re3 Kg7
35. Rxf3 g5 36. Qxg5+ Rg6 37. Qe7+ Kg8 38. Re3 Qc8 39. Re4 Rf7 40. Qh4 Rh7 41.
Qxh7+ Kxh7 42. Kg2 Kg7 43. f3 Rb6 44. h4 b4 45. axb4 axb4 46. cxb4 Rxb4 47. e6
Kf6 48. e7 Kf7 49. e8=Q+ Qxe8 50. Ra7+ Kf8 51. Bd6+ Kg8 52. Rxe8# 1-0

[Event "AUTO-ADV-2375"]
[Site "http://www.queenalice.com/game.php?id=1019631"]
[Date "2012.1.29"]
[Round "1"]
[White "jpzenitram"]
[Black "adyo"]
[Result "0-1"]
[WhiteElo "1858"]
[BlackElo "2147"]

1. e4 d6 2. Nc3 Nf6 3. Nf3 g6 4. d3 Bg7 5. b3 O-O 6. Bb2 c5 7. Be2 Nc6 8. Nd5 b5
9. Nxf6+ Bxf6 10. Bxf6 exf6 11. c3 Re8 12. Nd2 f5 13. O-O Rb8 14. Bf3 Ne5 15.
Qe2 Qf6 16. Rfc1 Bd7 17. a3 Bc6 18. b4 c4 19. dxc4 bxc4 20. a4 Nd3 21. Rcb1 Qxc3
22. b5 fxe4 23. bxc6 exf3 24. Qxf3 Rxb1+ 25. Rxb1 Qxd2 26. c7 Re1+ 0-1

[Event "AUTO-ADV-2375"]
[Site "http://www.queenalice.com/game.php?id=1019632"]
[Date "2012.1.29"]
[Round "1"]
[White "adyo"]
[Black "jpzenitram"]
[Result "1-0"]
[WhiteElo "2159"]
[BlackElo "1854"]

1. d4 d5 2. c4 Nf6 3. cxd5 Nxd5 4. Nf3 g6 5. e3 Bg7 6. Bd3 Nc6 7. O-O O-O 8. Bd2
e6 9. Nc3 Nxc3 10. bxc3 b6 11. h3 Bb7 12. e4 Re8 13. Qc2 a5 14. Bb5 Re7 15. Qa4
Na7 16. Bd3 Bc6 17. Qc2 Rd7 18. Rab1 Qe7 19. Bf4 Rad8 20. Rfe1 e5 21. Nxe5 Bxe5
22. Bxe5 Bb7 23. Bf4 Bc6 24. Qd2 Bb7 25. Bg5 f6 26. Bh4 Nc6 27. Bb5 Nxd4 28.
Bxd7 1-0